Applied international trade analysis
Αποθηκεύτηκε σε:
| Κύριος συγγραφέας: | |
|---|---|
| Άλλοι συγγραφείς: | , |
| Μορφή: | Βιβλίο |
| Γλώσσα: | English |
| Δημοσίευση: |
[Michigan] :
University of Michigan Press,
c1998
|
| Σειρά: | Studies in international trade policy
|
| Θέματα: | |
| Ετικέτες: |
Προσθήκη ετικέτας
Δεν υπάρχουν, Καταχωρήστε ετικέτα πρώτοι!
|
MARC
| LEADER | 00000nam a2200000 i 4500 | ||
|---|---|---|---|
| 001 | 1/94200 | ||
| 008 | 991126s1998 eng d | ||
| 020 | |a 0-472-06670-6 (pbk.) | ||
| 020 | |a 0-472-09670-2 | ||
| 035 | |l 10054711 | ||
| 040 | |a GR-MY-UA |b gre |e aacr | ||
| 041 | 0 | |a eng | |
| 082 | 0 | |a 382 | |
| 100 | 1 | |a Bowen, Harry. | |
| 245 | 1 | 0 | |a Applied international trade analysis / |c Harry P. Bowen, Abraham Hollander, Jean-Marie Viaene |
| 260 | |a [Michigan] : |b University of Michigan Press, |c c1998 | ||
| 300 | |a xxvi, 654 p. | ||
| 490 | 1 | |a Studies in international trade policy | |
| 504 | |a Includes bibliography and index | ||
| 650 | 0 | 0 | |a International trade. |
| 650 | 0 | 0 | |a Commercial policy. |
| 650 | 0 | 0 | |a International economic relations. |
| 650 | 0 | 0 | |a International economic integration. |
| 650 | 0 | 0 | |a Free trade. |
| 650 | 0 | 0 | |a Foreign trade and employment. |
| 650 | 0 | 0 | |a Competition, International. |
| 700 | 1 | |a Hollander, Abraham. | |
| 700 | 1 | |a Viaene, Jean-Marie. | |
| 830 | 0 | |a Studies in international trade policy | |
| 852 | |a INST |b CHIOS |e 19991126 |h 382 BOW |p 005200019410 |q 005200019410 |t BK |y 0 | ||
| 852 | |a INST |b CHIOS |e 19991126 |h 382 BOW |p 005200019446 |q 005200019446 |t BK |y 0 | ||
| 901 | |a BIBL2-1999-3 | ||
| 909 | |a Χ |b 070169 | ||
| 909 | |a Χ |b 070168 | ||
| 922 | |a 2ΕΛΗ |b 199911 |c ΤΝΕΥ |d ΠΑΠΑΣΩΤΗΡΙΟΥ | ||
| 922 | |a 2ΕΛΗ |b 199911 |c ΤΝΕΥ |d ΠΑΠΑΣΩΤΗΡΙΟΥ | ||
| 950 | |a 125-1999-07-15 | ||
| 970 | |a ΣΠΕΝΤΖΑ |b ΕΛΕΝΗ |z 1999/11/30 | ||